| 000 | 01712nam a22004097a 4500 | ||
|---|---|---|---|
| 003 | CHAP | ||
| 005 | 20220329135502.0 | ||
| 008 | 971013s1952 r 00010 d | ||
| 010 | _a37379 | ||
| 011 | _a38351 | ||
| 035 | _a42471 | ||
| 040 | _cCHAP | ||
| 082 |
_a634.928 _bM49 |
||
| 100 | 0 | 0 |
_aMeyer, Hans Arthur. _975288 |
| 245 | _aForest management | ||
| 260 |
_aNew York : _bRonald, _c1952 |
||
| 300 | _a290 p | ||
| 590 |
_aBATCH-UPD _b10 _c20130110 _lUCH01 _h0901 |
||
| 590 |
_aBATCH-UPD _b10 _c20130410 _lUCH01 _h0530 |
||
| 590 |
_aBATCH-UPD _b10 _c20130914 _lUCH01 _h0702 |
||
| 590 |
_aCONVERSION _b10 _c20130109 _lUCH01 _h1321 |
||
| 650 | 1 | 4 |
_aBosques _xAdministración. _914003 |
| 901 | _aBK | ||
| 942 | _cLIBRO | ||
| 949 |
_a634.928 M49 _bBC _cLIBRO _d-97823 _eLIBRO _fc.7 _h23639 _i42471 _si |
||
| 949 |
_a634.928 M49 _bBC _cLIBRO _d33724000246294 _eLIBRO _h23633 _i42471 _si |
||
| 949 |
_a634.928 M49 _bBC _cLIBRO _d33724000246302 _eLIBRO _fc.2 _h23634 _i42471 _si |
||
| 949 |
_a634.928 M49 _bBC _cLIBRO _d33724000246310 _eLIBRO _fc.4 _h23636 _i42471 _si |
||
| 949 |
_a634.928 M49 _bBC _cLIBRO _d33724000246328 _eLIBRO _fc.5 _h23637 _i42471 _si |
||
| 949 |
_a634.928 M49 _bBC _cLIBRO _d33724000246336 _eLIBRO _fc.6 _h23638 _i42471 _si |
||
| 949 |
_a634.928 M49 _bBC _cLIBRO _d33724000246344 _eLIBRO _fc.8 _h23640 _i42471 _si |
||
| 949 |
_a634.928 M49 _bBC _cLIBRO _d33724000246351 _eLIBRO _fc.9 _h23641 _i42471 _si |
||
| 949 |
_a634.928 M49 _bBC _cLIBRO _d33724000246369 _eLIBRO _fc.10 _h23642 _i42471 _si |
||
| 949 |
_a634.928 M49 _bBC _cLIBRO _d33724000246377 _eLIBRO _fc.11 _h23643 _i42471 _si |
||
| 949 |
_a634.928 M49 _bBC _cLIBRO _d33724000246385 _eLIBRO _fc.12 _h23644 _i42471 _si |
||
| 949 |
_a634.928 M49 _bBC _cLIBRO _d33724000246393 _eLIBRO _fc.3 _h23635 _i42471 _si |
||
| 999 |
_c37379 _d37379 |
||